000 00600nam a22002297a 4500
003 UA-OsUOA
001 109185
007 ta
008 20141208b un ||||| |||| 00| 0 ukr d
100 _aКузнецова Т. В.
090 _a159.9:330
_bК89
942 _cBK
040 _aUA-OsUOA
_bukr
_cUA-OsUOA
_dUA-OsUOA
245 _aОснови економічної психології
_bКурс лекцій
300 _a133 с.
955 _a2
041 _aukr
080 _a159.9:330
260 _aК.
_bМАУП
_c2006
650 7 _a159.9 Психологія
_2UDC
999 _c395399
_d395399